000 01122nas a2200361 4500
001 BR0205882
003 BR-BrBNA
005 20231205103426.0
007 ta
008 230509b bl.|||p| |||| 00| 00por d
040 _aBR-BrBNA
_bpor
_cBiblioteca Nacional de Agricultura
041 _a(Pt)
072 _aL53; L10
100 1 _aMarques, M.O.
100 1 _aArruda, R.P.
100 1 _aMadureira, E.H.
100 1 _aOliveira, C.A.
100 1 _aBaruselli, P.S.
245 1 _aEfeito da cavidade do corpo lúteo na concentração plasmática de progesterona em novilhas Bos taurus x Bos indicus receptoras de embrião
650 _aGADO ZEBU
650 _aBOVINO
650 _aNOVILHO
650 _aCORPO LÚTEO
650 _aPROGESTERONA
650 _aTRANSFERÊNCIA DE EMBRIÃO
650 _aEFICIÊNCIA REPRODUTIVA
650 _aCRUZAMENTO ANIMAL
650 _aPLASMA
650 _aABSORÇÃO
773 0 _tRevista Brasileira de Reprodução Animal (Brazil)
_xISSN 0102-0803
_g(Jul-Sep 2002), v. 26(3) p. 238-240
_wBR0205882
909 _a202311
_bLúcia
_c55
_dLúcia Elande
942 _2AGRIS
_n0
_cANA
999 _c172790
_d172790